000 004510000a22001690004500
003 MACL
005 20151216160921.0
008 151216b xxu||||| |||| 00| 0 eng d
040 _aMACL
_cMACL
041 _aEnglish
082 _a030/FRO
100 _aEncyclopaedia Britannica Ltd
_920451
245 _aBritannica Book of The Year 1957
260 _bEncyclopaedia Britannica Ltd
_c1957
650 _aEncyclopaedia
_920496
942 _cBK
_k030/FRO
_2ddc
999 _c40526
_d40526